Statistiques concernant Tous les jurés de Top Chef

Cliquez ici pour prendre le quiz!

Statistiques générales

  • Ce quiz a été pris 32 fois
  • Le résultat moyen est 8 sur 12

Statistiques - réponses

Réponse% Correct
Cyril Lignac
93%
Philippe Etchebest
93%
Jean-François Piège
86%
Thierry Marx
83%
Michel Sarran
79%
Hélène Darroze
72%
Glenn Viel
59%
Christian Constant
48%
Paul Pairet
45%
Ghislaine Arabian
38%
Stéphanie Le Quellec
38%
Dominique Crenn
28%

Distribution des résultats

Percentile par nombre de réponses

% des personnes avec chaque résultat

Votre développement - résultats

Vous n’avez pas pris ce quiz